[Event "World Championship Candidates (Women)"]
[Site "Toronto CAN"]
[Date "2024.04.04"]
[EventDate "2024.04.04"]
[Round "1.2"]
[Result "1/2-1/2"]
[White "Anna Muzychuk"]
[Black "Nurgyul Salimova"]
[WhiteElo "2520"]
[BlackElo "2432"]
[PlyCount "80"]

1. e4 e5 2. Nf3 Nf6 3. d4 Nxe4 4. Bd3 d5 5. Nxe5 Nd7 6. Nxd7 Bxd7 7. O-O
Bd6 8. Nc3 Nxc3 9. bxc3 O-O 10. Qh5 f5 11. Rb1 b6 12. Re1 c6 13. Bg5 Qc7
14. c4 Be8 15. Qf3 dxc4 16. Bxc4+ Bf7 17. Bxf7+ Rxf7 18. h3 f4 19. Bh4 Bf8
20. Re6 Rc8 21. c4 Qd7 22. Qe4 f3 23. Re1 fxg2 24. Bg3 Rd8 25. Rd1 Re7 26.
Rxe7 Qxe7 27. Qxe7 Bxe7 28. Kxg2 Kf7 29. Kf3 Bd6 30. Ke4 Bxg3 31. fxg3 Re8+
32. Kd3 Re6 33. d5 Rg6 34. dxc6 Rxc6 35. Kc3 Ke7 36. Kb4 Rc5 37. Re1+ Kd7
38. Rd1+ Ke7 39. Re1+ Kd7 40. Rd1+ Ke7 1/2-1/2

[Event "World Championship Candidates (Women)"]
[Site "Toronto CAN"]
[Date "2024.04.04"]
[EventDate "2024.04.04"]
[Round "1.1"]
[Result "1/2-1/2"]
[White "Aleksandra Goryachkina"]
[Black "Kateryna Lagno"]
[WhiteElo "2553"]
[BlackElo "2542"]
[PlyCount "72"]

1. e4 c5 2. Nf3 Nc6 3. Bb5 d6 4. O-O Bd7 5. Re1 Nf6 6. c3 a6 7. Bf1 e5 8.
Na3 Be7 9. Nc2 O-O 10. h3 Re8 11. d3 h6 12. Ne3 Bf8 13. Nh2 Be6 14. Qf3 Ne7
15. Nhg4 Nxg4 16. hxg4 g6 17. Nf5 Kh7 18. Ng3 Bg7 19. g5 h5 20. Be2 Rf8 21.
Bd1 Qd7 22. Bb3 Bxb3 23. axb3 Qe6 24. Qd1 Rad8 25. Be3 Nc6 26. Nf1 f5 27.
gxf6 Qxf6 28. Qd2 Qe6 29. Bg5 Bf6 30. Bxf6 Rxf6 31. Ne3 Rdf8 32. Re2 R6f7
33. Nd5 Qg4 34. Ne3 Qe6 35. Nd5 Qg4 36. Ne3 Qe6 1/2-1/2

[Event "World Championship Candidates (Women)"]
[Site "Toronto CAN"]
[Date "2024.04.04"]
[EventDate "2024.04.04"]
[Round "1.4"]
[Result "1/2-1/2"]
[White "Rameshbabu Vaishali"]
[Black "Humpy Koneru"]
[WhiteElo "2475"]
[BlackElo "2546"]
[PlyCount "82"]

1. e4 e5 2. Nf3 Nc6 3. Bc4 Bc5 4. c3 Nf6 5. d3 h6 6. b4 Be7 7. Nbd2 O-O 8.
O-O d5 9. Bb3 a6 10. a3 Be6 11. Re1 b5 12. Bb2 dxe4 13. dxe4 Bxb3 14. Qxb3
a5 15. Nf1 Qc8 16. Ne3 Qe6 17. Nd5 Rfd8 18. Nxf6+ Qxf6 19. Rad1 Bd6 20. Rd5
Rdb8 21. Red1 Qe6 22. Qc2 Ne7 23. R5d3 Nc8 24. Nd2 Nb6 25. Bc1 Be7 26. Nf1
Qc6 27. Ne3 axb4 28. cxb4 Qxc2 29. Nxc2 Rd8 30. Kf1 Rxd3 31. Rxd3 Rd8 32.
Ke2 Rxd3 33. Kxd3 Kf8 34. Be3 Nc4 35. Kc3 Ke8 36. f3 h5 37. Ba7 Nd6 38. Bc5
Nb7 39. Ba7 Nd6 40. Bc5 Nb7 41. Ba7 Nd6 1/2-1/2

[Event "World Championship Candidates (Women)"]
[Site "Toronto CAN"]
[Date "2024.04.04"]
[EventDate "2024.04.04"]
[Round "1.3"]
[Result "0-1"]
[White "Tingjie Lei"]
[Black "Zhongyi Tan"]
[WhiteElo "2550"]
[BlackElo "2521"]
[PlyCount "104"]

1. d4 Nf6 2. c4 e6 3. Nc3 d5 4. cxd5 exd5 5. Bg5 Be7 6. e3 h6 7. Bh4 Bg4 8.
Qc2 O-O 9. h3 Be6 10. Nf3 Ne4 11. Nxe4 Bxh4 12. Nc5 Bc8 13. Nxh4 Qxh4 14.
Be2 c6 15. b4 Re8 16. O-O Qg5 17. Kh1 Nd7 18. b5 Nxc5 19. Qxc5 Re6 20. bxc6
Rg6 21. Bf3 bxc6 22. Qa5 h5 23. Qc7 Qh4 24. Qf4 Qxf4 25. exf4 Rf6 26. Rfe1
Kf8 27. Rac1 g6 28. Kh2 Rxf4 29. Rxc6 Rxd4 30. Rd1 Rxd1 31. Bxd1 a5 32. Kg3
Be6 33. Kf4 Ke7 34. a3 Rb8 35. Rc5 Rb2 36. Rxa5 Rxf2+ 37. Bf3 Kf6 38. Ra6
Rf1 39. h4 Rh1 40. Kg3 Ke5 41. a4 Kd4 42. Ra8 Ke3 43. Re8 g5 44. Rxe6+ fxe6
45. hxg5 h4+ 46. Kg4 h3 47. g6 Kf2 48. Kf4 Ra1 49. g7 Rxa4+ 50. Kg5 Ra8 51.
gxh3 Kxf3 52. h4 Rg8 0-1

[Event "World Championship Candidates (Women)"]
[Site "Toronto CAN"]
[Date "2024.04.05"]
[EventDate "2024.04.04"]
[Round "2.1"]
[Result "1-0"]
[White "Zhongyi Tan"]
[Black "Rameshbabu Vaishali"]
[WhiteElo "2521"]
[BlackElo "2475"]
[PlyCount "68"]

1. d4 Nf6 2. Nc3 d5 3. Bf4 c5 4. e3 cxd4 5. exd4 a6 6. Nf3 Nc6 7. h3 Bf5 8. Bd3
Bxd3 9. Qxd3 e6 10. O-O Bd6 11. Bxd6 Qxd6 12. Rfe1 O-O 13. a3 Qc7 14. Na2 Rac8
15. c3 Ne4 16. Qe2 Na5 17. Nb4 Nb3 18. Rad1 a5 19. Nd3 a4 20. Nfe5 Na5 21. f3
Nd6 22. Nf4 Nac4 23. Ned3 Rfe8 24. Qf2 Re7 25. Re2 Rce8 26. Rde1 b6 27. g4 Nb5
28. Qh4 Qd6 29. Nh5 f6 30. g5 f5 31. Rg2 Kh8 32. Ndf4 e5 33. Nf6 gxf6 34. Ng6+ 1-0

[Event "World Championship Candidates (Women)"]
[Site "Toronto CAN"]
[Date "2024.04.05"]
[EventDate "2024.04.04"]
[Round "2.2"]
[Result "1/2-1/2"]
[White "Kateryna Lagno"]
[Black "Humpy Koneru"]
[WhiteElo "2542"]
[BlackElo "2546"]
[PlyCount "76"]

1. e4 e5 2. Nf3 Nc6 3. Bb5 a6 4. Ba4 Nf6 5. O-O Be7 6. Re1 b5 7. Bb3 Bb7 8. d3
O-O 9. a4 Re8 10. axb5 axb5 11. Rxa8 Bxa8 12. Na3 Bxa3 13. bxa3 d5 14. exd5 Nd4
15. Nxd4 exd4 16. Bg5 Bxd5 17. Rxe8+ Qxe8 18. Bxf6 Bxb3 19. cxb3 gxf6 20. a4
bxa4 21. bxa4 Qc6 22. g3 Qc3 23. Qg4+ Kf8 24. Qf5 Qc1+ 25. Kg2 Qc6+ 26. Qf3 Qa6
27. Qf5 Qc6+ 28. Kh3 Qxa4 29. Qxf6 Qd7+ 30. g4 Qd5 31. Kg3 c5 32. h4 c4 33. dxc4
Qxc4 34. Qd8+ Kg7 35. Qg5+ Kf8 36. Qd8+ Kg7 37. Qg5+ Kf8 38. Qd8+ 1/2-1/2

[Event "World Championship Candidates (Women)"]
[Site "Toronto CAN"]
[Date "2024.04.05"]
[EventDate "2024.04.04"]
[Round "2.4"]
[Result "1-0"]
[White "Aleksandra Goryachkina"]
[Black "Anna Muzychuk"]
[WhiteElo "2553"]
[BlackElo "2520"]
[PlyCount "64"]

1. d4 d5 2. c4 c6 3. cxd5 cxd5 4. Bf4 Nc6 5. e3 Nf6 6. Nc3 Bf5 7. Nf3 e6 8. Ne5
Nxe5 9. dxe5 Nd7 10. e4 dxe4 11. Bb5 a6 12. Bxd7+ Qxd7 13. Qxd7+ Kxd7 14. Na4
Rb8 15. Rd1+ Ke8 16. Be3 Bg4 17. Rc1 Bb4+ 18. Bd2 Be7 19. h3 Bh5 20. O-O Be2 21.
Rfe1 Bd3 22. Be3 b5 23. Nb6 f5 24. Rc6 Kf7 25. Rec1 Rb7 26. Nc8 Rd7 27. Rc7 Rhd8
28. Nxe7 Bc4 29. Rxd7 Rxd7 30. Nc8 Bxa2 31. Nd6+ Kg6 32. Ra1 1-0

[Event "World Championship Candidates (Women)"]
[Site "Toronto CAN"]
[Date "2024.04.06"]
[EventDate "2024.04.04"]
[Round "3.1"]
[Result "1/2-1/2"]
[White "Humpy Koneru"]
[Black "Zhongyi Tan"]
[WhiteElo "2546"]
[BlackElo "2521"]
[PlyCount "64"]

1. d4 d5 2. Nf3 Nf6 3. g3 c5 4. Bg2 Nc6 5. O-O cxd4 6. Nxd4 e5 7. Nxc6 bxc6
8. c4 Be6 9. Qa4 Qd7 10. Nc3 Rc8 11. cxd5 cxd5 12. Qxd7+ Kxd7 13. Rd1 Bc5
14. Nxd5 Nxd5 15. Bxd5 Bxd5 16. Rxd5+ Ke6 17. Rd1 Rhd8 18. Rxd8 Rxd8 19.
Bg5 f6 20. Rc1 Bb6 21. Be3 Bxe3 22. fxe3 Rd2 23. Kf2 Rxb2 24. Rc6+ Kf5 25.
Ra6 Rb7 26. Ra4 h5 27. Kf3 Rc7 28. h3 Rd7 29. Ra5 Rc7 30. Ra4 Rd7 31. Ra5
Rc7 32. Ra4 1/2-1/2

[Event "World Championship Candidates (Women)"]
[Site "Toronto CAN"]
[Date "2024.04.06"]
[EventDate "2024.04.04"]
[Round "3.2"]
[Result "1/2-1/2"]
[White "Anna Muzychuk"]
[Black "Kateryna Lagno"]
[WhiteElo "2520"]
[BlackElo "2542"]
[PlyCount "88"]

1. e4 e5 2. Nf3 Nc6 3. Bb5 a6 4. Ba4 Nf6 5. O-O Be7 6. Re1 b5 7. Bb3 O-O 8.
h3 Bb7 9. d3 d5 10. exd5 Nxd5 11. Nc3 Nxc3 12. bxc3 Bf6 13. Nd2 Na5 14. Ne4
Be7 15. Qh5 Nxb3 16. axb3 f6 17. Ba3 Bxa3 18. Rxa3 a5 19. Nc5 Qd5 20. Nxb7
Qxb7 21. c4 bxc4 22. dxc4 a4 23. bxa4 Qb4 24. Rea1 Qxc4 25. a5 Ra6 26. Qf3
c6 27. Qd1 Rfa8 28. Rd3 h6 29. Rd8+ Rxd8 30. Qxd8+ Kh7 31. Qc8 Qb5 32. Qf5+
Kh8 33. Qc8+ Kh7 34. Rd1 e4 35. Rd8 Rxa5 36. Rh8+ Kg6 37. Qg4+ Kf7 38. Qd7+
Kg6 39. Qg4+ Kf7 40. Qd7+ Kg6 41. Rg8 Ra1+ 42. Kh2 Qe5+ 43. g3 f5 44. Qxc6+
1/2-1/2

[Event "World Championship Candidates (Women)"]
[Site "Toronto CAN"]
[Date "2024.04.06"]
[EventDate "2024.04.04"]
[Round "3.3"]
[Result "1/2-1/2"]
[White "Tingjie Lei"]
[Black "Aleksandra Goryachkina"]
[WhiteElo "2550"]
[BlackElo "2553"]
[PlyCount "90"]

1. e4 e5 2. Nf3 Nc6 3. Bc4 Bc5 4. b4 Bxb4 5. c3 Be7 6. d4 Na5 7. Be2 d6 8.
Qa4+ c6 9. dxe5 dxe5 10. Nxe5 Nf6 11. O-O Qc7 12. Nf3 b5 13. Qc2 O-O 14.
Re1 Ng4 15. h3 Ne5 16. Nbd2 Ng6 17. a4 Bd7 18. Bf1 Nb7 19. Nd4 a6 20. Nf5
Bf6 21. Bb2 Rfe8 22. Rab1 Nc5 23. c4 Bxb2 24. Qxb2 Qe5 25. Qxe5 Rxe5 26.
axb5 axb5 27. Ng3 h5 28. cxb5 h4 29. Ne2 cxb5 30. Nd4 Rb8 31. Bxb5 Bxb5 32.
Rxb5 Rxb5 33. Nxb5 Nxe4 34. Rxe4 Rxb5 35. Nf3 Rh5 36. Rb4 f6 37. Kf1 Kf7
38. Ke2 Kg8 39. Ra4 Kf7 40. Rg4 Rh8 41. Re4 Rh5 42. Ra4 Kg8 43. Rg4 Kf7 44.
Ra4 Kg8 45. Rg4 1/2-1/2

[Event "World Championship Candidates (Women)"]
[Site "Toronto CAN"]
[Date "2024.04.06"]
[EventDate "2024.04.04"]
[Round "3.4"]
[Result "1-0"]
[White "Rameshbabu Vaishali"]
[Black "Nurgyul Salimova"]
[WhiteElo "2475"]
[BlackElo "2432"]
[PlyCount "66"]

1. e4 e5 2. Nf3 Nf6 3. Nxe5 d6 4. Nf3 Nxe4 5. Nc3 Nxc3 6. dxc3 Be7 7. Be3
O-O 8. Qd2 Nd7 9. O-O-O Nf6 10. Bd4 Bd7 11. h4 Re8 12. Ng5 h6 13. Bd3 Ng4
14. Nxf7 Kxf7 15. Bc4+ Kf8 16. Qd3 Bg5+ 17. Kb1 Ne5 18. Bxe5 Bf6 19. Bxd6+
cxd6 20. Qxd6+ Qe7 21. Qxd7 Qxd7 22. Rxd7 Re4 23. Bd5 Re2 24. Rf7+ Ke8 25.
Rxb7 Rd8 26. Bc4 Red2 27. Re1+ Kf8 28. Kc1 R2d7 29. Rxd7 Rxd7 30. g3 Be7
31. h5 Bc5 32. Re5 Bb6 33. a4 1-0

[Event "World Championship Candidates (Women)"]
[Site "Toronto CAN"]
[Date "2024.04.07"]
[EventDate "2024.04.04"]
[Round "4.1"]
[Result "1/2-1/2"]
[White "Aleksandra Goryachkina"]
[Black "Rameshbabu Vaishali"]
[WhiteElo "2553"]
[BlackElo "2475"]
[PlyCount "80"]

1. Nf3 Nf6 2. c4 c5 3. Nc3 e6 4. g3 d5 5. cxd5 exd5 6. d4 Nc6 7. a3 cxd4 8.
Nxd4 Bc5 9. Be3 Bb6 10. Na4 Bxd4 11. Bxd4 O-O 12. Bg2 Re8 13. Nc3 Bf5 14.
O-O Ne4 15. e3 Qd7 16. Rc1 Rad8 17. Ne2 Ng5 18. h4 Ne6 19. Qd2 h6 20. b4
Be4 21. Rfd1 Nexd4 22. Nxd4 Ne5 23. Qe2 a6 24. b5 Bxg2 25. Kxg2 Nc4 26.
bxa6 bxa6 27. Rb1 Nxa3 28. Ra1 Nb5 29. Nxb5 axb5 30. Rab1 d4 31. Qxb5 Qxb5
32. Rxb5 dxe3 33. Rxd8 Rxd8 34. fxe3 g6 35. Kf3 h5 36. Ra5 Kg7 37. Rb5 Kf6
38. Ra5 Ke6 39. Rb5 Kf6 40. Ra5 Ke6 1/2-1/2

[Event "World Championship Candidates (Women)"]
[Site "Toronto CAN"]
[Date "2024.04.07"]
[EventDate "2024.04.04"]
[Round "4.3"]
[Result "1-0"]
[White "Nurgyul Salimova"]
[Black "Humpy Koneru"]
[WhiteElo "2432"]
[BlackElo "2546"]
[PlyCount "124"]

1. d4 Nf6 2. c4 e6 3. Nf3 d5 4. g3 Be7 5. Bg2 Ne4 6. O-O f5 7. b3 Nc6 8.
Ba3 Bf6 9. e3 h5 10. Nfd2 h4 11. Nxe4 dxe4 12. Nc3 hxg3 13. hxg3 Qd7 14.
Rc1 Qf7 15. f3 exf3 16. Qxf3 Bd7 17. Nb5 Rc8 18. Rcd1 Qg6 19. Nc3 Kf7 20.
Ne2 Qh6 21. e4 g5 22. Kf2 g4 23. Qc3 fxe4 24. Ke1 Kg7 25. Bxe4 Qg5 26. Bc1
Qa5 27. Qxa5 Nxa5 28. Rf4 Rh2 29. Rxg4+ Kh8 30. Rg6 Bg7 31. Bf4 Nc6 32. g4
Rh3 33. Rg5 Rf8 34. Bg2 Rh7 35. Bxc7 Bh6 36. Rh5 Be8 37. Rh3 Bg6 38. Bd6
Rd8 39. Bf4 Bxf4 40. Nxf4 Rxh3 41. Bxh3 Bc2 42. Rd2 Rxd4 43. Nxe6 Re4+ 44.
Kf2 Rxe6 45. Rxc2 Nb4 46. Rd2 Ra6 47. a4 Rb6 48. a5 Rf6+ 49. Kg3 b6 50. Rd7
bxa5 51. Rxa7 Nc6 52. g5 Rg6 53. Ra8+ Kg7 54. Kf4 Nd4 55. Rxa5 Nxb3 56.
Ra7+ Kf8 57. Bg2 Rb6 58. Bd5 Nc5 59. Kf5 Rb1 60. g6 Rf1+ 61. Ke5 Rg1 62.
Rf7+ 1-0

[Event "World Championship Candidates (Women)"]
[Site "Toronto CAN"]
[Date "2024.04.07"]
[EventDate "2024.04.04"]
[Round "4.2"]
[Result "1/2-1/2"]
[White "Kateryna Lagno"]
[Black "Zhongyi Tan"]
[WhiteElo "2542"]
[BlackElo "2521"]
[PlyCount "112"]

1. e4 c5 2. Nf3 d6 3. d4 cxd4 4. Nxd4 Nf6 5. Nc3 a6 6. Be2 e5 7. Nb3 Be7 8.
Be3 Be6 9. O-O O-O 10. Re1 Nbd7 11. a4 b6 12. h3 Qc7 13. Qd3 Rfc8 14. Rec1
Qb7 15. Bf3 Rc7 16. Nd2 Nc5 17. Qe2 h6 18. b4 Ncd7 19. Qd3 Rac8 20. Ra3 Bc4
21. Nxc4 Rxc4 22. Rb3 Qc7 23. Bd2 d5 24. Nxd5 Nxd5 25. exd5 Nf6 26. Qf1 Qd7
27. c3 Qxa4 28. Rbb1 Qa2 29. Rd1 R4c7 30. Ra1 Qc2 31. Be3 Rd7 32. Rdc1 Qb2
33. Rab1 Qa3 34. Ra1 Qb2 35. Qd3 e4 36. Bxe4 Nxe4 37. Qxe4 Rxc3 38. Rxc3
Qxa1+ 39. Rc1 Qf6 40. Rc6 Qa1+ 41. Kh2 Bf8 42. Rxb6 Rd8 43. Bf4 Qa2 44. d6
a5 45. Ra6 Qxf2 46. bxa5 g5 47. Bg3 Qf6 48. Qd5 h5 49. Qf3 Qg6 50. Ra8 Rxa8
51. Qxa8 h4 52. Be5 Qe6 53. Qe4 Bxd6 54. Qa8+ Kh7 55. Bxd6 Qxd6+ 56. Kh1
Qd1+ 1/2-1/2

[Event "World Championship Candidates (Women)"]
[Site "Toronto CAN"]
[Date "2024.04.09"]
[EventDate "2024.04.04"]
[Round "5.1"]
[Result "1/2-1/2"]
[White "Zhongyi Tan"]
[Black "Nurgyul Salimova"]
[WhiteElo "2521"]
[BlackElo "2432"]
[PlyCount "116"]

1. e4 c6 2. d4 d5 3. e5 c5 4. dxc5 e6 5. Nf3 Bxc5 6. Bd3 Ne7 7. Nbd2 Nbc6
8. Nb3 Bb6 9. O-O Qc7 10. Bf4 Nb4 11. a4 a6 12. Qd2 Nxd3 13. cxd3 d4 14. a5
Ba7 15. Nfxd4 O-O 16. Rfc1 Qd7 17. Be3 Qd5 18. f4 Bd7 19. Rc4 Rfd8 20. Rac1
Bb5 21. R4c3 Nc6 22. Nxc6 Bxe3+ 23. Qxe3 Bxc6 24. Qf2 Qb5 25. Qc5 h6 26.
Qxb5 axb5 27. d4 Bd5 28. Kf2 b4 29. Rd3 Rdc8 30. Rc5 Rxc5 31. dxc5 Bc4 32.
Re3 Rd8 33. Ke1 Rd5 34. g3 Kf8 35. Nd2 Rxc5 36. Nxc4 Rxc4 37. Rb3 g5 38.
Kd2 gxf4 39. Kd3 Rc5 40. gxf4 Rxa5 41. Rxb4 Rd5+ 42. Rd4 Rc5 43. b4 Rc1 44.
Rd8+ Kg7 45. Rb8 Rf1 46. Ke3 Rh1 47. Rxb7 Rxh2 48. f5 exf5 49. e6 Rh4 50.
Kd3 Re4 51. exf7 h5 52. b5 h4 53. b6 Rb4 54. Kc3 Rb1 55. Kd4 h3 56. f8=Q+
Kxf8 57. Rh7 Rxb6 58. Ke5 f4 1/2-1/2

[Event "World Championship Candidates (Women)"]
[Site "Toronto CAN"]
[Date "2024.04.09"]
[EventDate "2024.04.04"]
[Round "5.2"]
[Result "1/2-1/2"]
[White "Tingjie Lei"]
[Black "Kateryna Lagno"]
[WhiteElo "2550"]
[BlackElo "2542"]
[PlyCount "88"]

1. e4 e5 2. Nf3 Nc6 3. Bc4 Nf6 4. d3 Be7 5. O-O O-O 6. Bb3 d6 7. c3 Na5 8.
Bc2 c5 9. Re1 Nc6 10. a3 Re8 11. b4 a6 12. Nbd2 h6 13. h3 Bf8 14. Bb2 Nh5
15. Nf1 Nf4 16. Ng3 Qf6 17. d4 exd4 18. cxd4 cxb4 19. axb4 Nxb4 20. Bb1 a5
21. Bc1 Ng6 22. Nh5 Qd8 23. Bd2 Bd7 24. d5 Ne5 25. Nd4 Qh4 26. Ng3 g6 27.
Bxb4 axb4 28. Rxa8 Rxa8 29. Qb3 Bg7 30. Nde2 Bxh3 31. Qxb4 Bg4 32. Qxd6 h5
33. Qc7 b5 34. d6 Nc4 35. Qb7 Rd8 36. Qxb5 Nxd6 37. Qb3 Be5 38. Qd5 Qg5 39.
Nf5 Nxf5 40. Qxe5 Qd2 41. Qc3 Bxe2 42. Qxd2 Rxd2 43. exf5 Kg7 44. fxg6
1/2-1/2

[Event "World Championship Candidates (Women)"]
[Site "Toronto CAN"]
[Date "2024.04.09"]
[EventDate "2024.04.04"]
[Round "5.3"]
[Result "1/2-1/2"]
[White "Rameshbabu Vaishali"]
[Black "Anna Muzychuk"]
[WhiteElo "2475"]
[BlackElo "2520"]
[PlyCount "96"]

1. e4 e5 2. Nf3 Nc6 3. Bc4 Bc5 4. d3 Nf6 5. Bg5 d6 6. c3 h6 7. Bh4 a5 8.
Nbd2 Ba7 9. a4 Qe7 10. O-O g5 11. Bg3 O-O 12. Re1 Bg4 13. Nf1 Bh5 14. Ne3
Bxe3 15. Rxe3 Kg7 16. Qb3 Nd8 17. h3 Nd7 18. d4 f6 19. Nd2 Nb6 20. Ree1 Bf7
21. Bxf7 Qxf7 22. Qxf7+ Rxf7 23. f3 Ne6 24. Nb3 Nc4 25. Re2 Ra6 26. d5 Nf4
27. Bxf4 gxf4 28. Nc1 Kf8 29. Nd3 Rg7 30. b3 Nb6 31. c4 Nd7 32. Rc1 b6 33.
Kf1 Ke7 34. g4 fxg3 35. f4 h5 36. f5 h4 37. Kg2 Rg8 38. Rc3 Raa8 39. Ne1
Nc5 40. Nd3 Rac8 41. Nxc5 dxc5 42. Rd3 Rcd8 43. Red2 Rd6 44. Rd1 Rgd8 45.
Kf3 c6 46. R1d2 cxd5 47. exd5 Rg8 48. Rg2 Rg5 1/2-1/2

[Event "World Championship Candidates (Women)"]
[Site "Toronto CAN"]
[Date "2024.04.09"]
[EventDate "2024.04.04"]
[Round "5.4"]
[Result "1/2-1/2"]
[White "Humpy Koneru"]
[Black "Aleksandra Goryachkina"]
[WhiteElo "2546"]
[BlackElo "2553"]
[PlyCount "88"]

1. d4 d5 2. c4 e6 3. Nf3 Nf6 4. Nc3 c5 5. e3 dxc4 6. Bxc4 a6 7. O-O b5 8.
Bb3 Bb7 9. e4 cxd4 10. Nxd4 Nc6 11. Nxc6 Qxd1 12. Rxd1 Bxc6 13. f3 Bc5+ 14.
Kf1 Ke7 15. e5 Nd7 16. Bg5+ Ke8 17. Rac1 h6 18. Bf4 Ke7 19. Bc2 g5 20. Bd2
a5 21. Be4 Bxe4 22. Nxe4 Rhc8 23. h4 Bb4 24. Be3 Nxe5 25. Rxc8 Rxc8 26.
hxg5 Nc4 27. Bc1 hxg5 28. Bxg5+ Kf8 29. Rd7 Kg7 30. a3 Bf8 31. Rb7 Kg6 32.
Bf6 Ne3+ 33. Ke2 Nd5 34. Bd4 Nf4+ 35. Kf2 Rc2+ 36. Ke1 f5 37. Nd2 Rc1+ 38.
Kf2 Rd1 39. Be3 Nd5 40. f4 Bc5 41. Ke2 Nxe3 42. Nb3 Rd5 43. Nxc5 Rxc5 44.
Kxe3 1/2-1/2

[Event "World Championship Candidates (Women)"]
[Site "Toronto CAN"]
[Date "2024.04.10"]
[EventDate "2024.04.04"]
[Round "6.4"]
[Result "0-1"]
[White "Rameshbabu Vaishali"]
[Black "Kateryna Lagno"]
[WhiteElo "2475"]
[BlackElo "2542"]
[PlyCount "58"]

1. e4 e5 2. Nf3 Nc6 3. Bb5 a6 4. Ba4 Nf6 5. O-O Be7 6. Re1 b5 7. Bb3 O-O 8.
c3 d5 9. exd5 Nxd5 10. d3 Bb7 11. a4 b4 12. a5 Kh8 13. d4 bxc3 14. bxc3
exd4 15. cxd4 Ncb4 16. Bc4 c5 17. Bb2 cxd4 18. Qxd4 Bf6 19. Qd2 Bxb2 20.
Qxb2 Nf4 21. Qxb4 Bxf3 22. g3 Qd4 23. Ra2 Nd3 24. Rd2 Nxb4 25. Rxd4 Nc2 26.
Rdd1 Nxe1 27. Rxe1 Rfe8 28. Rc1 Rac8 29. Nd2 Bd5 0-1

[Event "World Championship Candidates (Women)"]
[Site "Toronto CAN"]
[Date "2024.04.10"]
[EventDate "2024.04.04"]
[Round "6.3"]
[Result "0-1"]
[White "Humpy Koneru"]
[Black "Tingjie Lei"]
[WhiteElo "2546"]
[BlackElo "2550"]
[PlyCount "96"]

1. d4 d6 2. Nf3 Nf6 3. c4 g6 4. Nc3 Bg7 5. e4 O-O 6. Be2 e5 7. O-O Nc6 8.
d5 Ne7 9. Kh1 Kh8 10. Ne1 Nd7 11. Nd3 f5 12. f4 exf4 13. Bxf4 h6 14. c5
fxe4 15. cxd6 cxd6 16. Nxe4 Ne5 17. Bxe5 Rxf1+ 18. Bxf1 dxe5 19. d6 Nf5 20.
Ndc5 Nd4 21. Bd3 b6 22. Nb3 Bf5 23. Rc1 Rb8 24. Nbd2 Rc8 25. Rc3 Bf8 26.
Nc4 Bg7 27. Ne3 Rxc3 28. bxc3 Bxe4 29. Bxe4 Nb5 30. Qd3 Nxd6 31. Bxg6 Qf6
32. h3 Bf8 33. Nd5 Qf2 34. Qe3 Qxe3 35. Nxe3 e4 36. Nf5 Nb5 37. c4 Nc3 38.
Kg1 Nxa2 39. Kf2 a5 40. Ng3 a4 41. Nxe4 a3 42. Nd2 Kg7 43. Bb1 Nc3 44. Bc2
a2 45. Nb3 Ba3 46. Ke3 Bb2 47. c5 bxc5 48. Kd3 Nb5 0-1

[Event "World Championship Candidates (Women)"]
[Site "Toronto CAN"]
[Date "2024.04.10"]
[EventDate "2024.04.04"]
[Round "6.1"]
[Result "0-1"]
[White "Nurgyul Salimova"]
[Black "Aleksandra Goryachkina"]
[WhiteElo "2432"]
[BlackElo "2553"]
[PlyCount "120"]

1. d4 d5 2. c4 e6 3. Nf3 Nf6 4. g3 Be7 5. Bg2 O-O 6. O-O dxc4 7. Qc2 a6 8.
a4 Bd7 9. Qxc4 Bc6 10. Bg5 Nbd7 11. Bxf6 Nxf6 12. Nc3 Qd6 13. Rac1 Rfd8 14.
Rfd1 Rac8 15. e3 Bd5 16. Nxd5 exd5 17. Qb3 Rb8 18. Ne5 c6 19. Bh3 Qc7 20.
Nd3 Bd6 21. Qc2 a5 22. Bg2 Re8 23. Nc5 g6 24. Rb1 Qe7 25. Rdc1 h5 26. Qe2
h4 27. b4 axb4 28. a5 hxg3 29. hxg3 Ra8 30. Rxb4 Bxc5 31. dxc5 Rxa5 32. Qb2
Rxc5 33. Rxc5 Qxc5 34. Rxb7 Qd6 35. Qb6 Ng4 36. Qc7 Qf6 37. Qf4 Qxf4 38.
gxf4 Ra8 39. Bf3 Ra1+ 40. Kg2 Nf6 41. Rb6 Rc1 42. Kg3 Kg7 43. Kh4 Rc2 44.
Kg3 Kf8 45. Rb1 Ke7 46. Rb7+ Ke6 47. Bg2 Nh5+ 48. Kf3 f5 49. Bh3 Nf6 50.
Rg7 Ne4 51. Rxg6+ Kf7 52. Rg2 Kf6 53. Rh2 c5 54. Bf1 c4 55. Be2 Rd2 56.
Rh6+ Ke7 57. Rh7+ Kd6 58. Rh6+ Kc5 59. Rh5 c3 60. Rxf5 c2 0-1

[Event "World Championship Candidates (Women)"]
[Site "Toronto CAN"]
[Date "2024.04.11"]
[EventDate "2024.04.04"]
[Round "7.1"]
[Result "1/2-1/2"]
[White "Aleksandra Goryachkina"]
[Black "Zhongyi Tan"]
[WhiteElo "2553"]
[BlackElo "2521"]
[PlyCount "80"]

1. d4 d5 2. c4 e6 3. Nf3 a6 4. Bg5 Be7 5. Bxe7 Qxe7 6. Nbd2 Nf6 7. g3 O-O
8. Bg2 b6 9. O-O c5 10. dxc5 bxc5 11. Qc2 Bb7 12. cxd5 exd5 13. Nb3 Nbd7
14. Na5 Rab8 15. Nxb7 Rxb7 16. Rfd1 Rfb8 17. b3 a5 18. Ng5 Qe5 19. Qd2 Re8
20. Bxd5 Qxd5 21. Qxd5 Nxd5 22. Rxd5 h6 23. Nf3 Rxe2 24. Kf1 Rb2 25. Rad1
Nf6 26. Rd8+ Kh7 27. R1d2 Rb1+ 28. Kg2 a4 29. bxa4 Ne4 30. Re2 f5 31. a5
R7b2 32. Nd2 Ra1 33. a4 Nf6 34. a6 Rxa4 35. Re5 Rxa6 36. Nc4 Ng4 37. Nxb2
Nxe5 38. Rd5 Ra2 39. Rxe5 Rxb2 40. Rxc5 Kg6 1/2-1/2

[Event "World Championship Candidates (Women)"]
[Site "Toronto CAN"]
[Date "2024.04.11"]
[EventDate "2024.04.04"]
[Round "7.2"]
[Result "1/2-1/2"]
[White "Kateryna Lagno"]
[Black "Nurgyul Salimova"]
[WhiteElo "2542"]
[BlackElo "2432"]
[PlyCount "82"]

1. e4 e5 2. Nf3 Nc6 3. Bb5 Nge7 4. O-O Ng6 5. d4 exd4 6. Nxd4 Bc5 7. Be3
Nxd4 8. Bxd4 Bxd4 9. Qxd4 Qg5 10. e5 Nf4 11. g3 a6 12. Bc4 b5 13. Qxf4 Qxf4
14. gxf4 bxc4 15. Nd2 O-O 16. Nxc4 f6 17. Rad1 a5 18. Ne3 fxe5 19. fxe5 Ra6
20. f4 Rg6+ 21. Ng2 Bb7 22. Rf2 d6 23. exd6 cxd6 24. f5 Rh6 25. Rd4 Re8 26.
Rfd2 Kf8 27. Rxd6 Rxd6 28. Rxd6 Re2 29. Nf4 Rxc2 30. Rd7 Bc8 31. Ne6+ Ke8
32. Rxg7 Bxe6 33. fxe6 Rxb2 34. a4 Rb4 35. Rxh7 Rxa4 36. Kf2 Re4 37. Ra7
Rxe6 38. Rxa5 Kf7 39. Kg3 Rg6+ 40. Kf4 Rh6 41. Ra7+ 1/2-1/2

[Event "World Championship Candidates (Women)"]
[Site "Toronto CAN"]
[Date "2024.04.11"]
[EventDate "2024.04.04"]
[Round "7.3"]
[Result "1/2-1/2"]
[White "Anna Muzychuk"]
[Black "Humpy Koneru"]
[WhiteElo "2520"]
[BlackElo "2546"]
[PlyCount "80"]

1. e4 e5 2. Nf3 Nc6 3. Bb5 a6 4. Ba4 Nge7 5. c3 Ng6 6. d4 exd4 7. cxd4 Bb4+
8. Bd2 Bxd2+ 9. Nbxd2 O-O 10. O-O d5 11. Bxc6 bxc6 12. e5 f6 13. Re1 fxe5
14. Nxe5 Qf6 15. Ndf3 Nxe5 16. dxe5 Qg6 17. Re3 Bg4 18. h3 d4 19. Rd3 Bxf3
20. Rxf3 Rxf3 21. Qxf3 Qc2 22. Rd1 Rd8 23. e6 Rf8 24. Qb3 Qxf2+ 25. Kh1 Re8
26. Qc4 Qe3 27. Qxc6 Qxe6 28. Qxe6+ Rxe6 29. Rxd4 Re2 30. Ra4 Rxb2 31. Rxa6
c5 32. Rc6 Rxa2 33. Rxc5 h6 34. Kh2 Ra3 35. Rb5 Kf7 36. Rb7+ Kf6 37. Rb6+
Kf7 38. Rb7+ Kf6 39. Rb6+ Kf7 40. Rb7+ Kf6 1/2-1/2

[Event "World Championship Candidates (Women)"]
[Site "Toronto CAN"]
[Date "2024.04.11"]
[EventDate "2024.04.04"]
[Round "7.4"]
[Result "1-0"]
[White "Tingjie Lei"]
[Black "Rameshbabu Vaishali"]
[WhiteElo "2550"]
[BlackElo "2475"]
[PlyCount "72"]

1. e4 e5 2. Nf3 Nc6 3. Bc4 Nf6 4. d3 Bc5 5. O-O d6 6. c3 a5 7. Nbd2 O-O 8.
Re1 Be6 9. h3 h6 10. Bb5 Ne7 11. d4 Bb6 12. Bd3 Re8 13. Nf1 exd4 14. Nxd4
Ng6 15. Ng3 Bd7 16. Bd2 Ne5 17. Bf1 d5 18. exd5 Nxd5 19. Qb3 c6 20. Ne4 Qc7
21. a4 Rad8 22. Rad1 Ng6 23. Bc1 Ba7 24. c4 Nb4 25. c5 Nd5 26. Bc4 Bc8 27.
Bxd5 cxd5 28. Nb5 Qb8 29. Nxa7 Qxa7 30. Rxd5 Be6 31. Rxd8 Rxd8 32. Qc3 b6
33. b3 Bf5 34. Nf6+ Kh8 35. Bxh6 bxc5 36. Nh5 1-0